Т. 1; Хрестоматия радиолюбителя

Bibliographische Detailangaben
Parent link:Хрестоматия радиолюбителя/ Р. Э. Тигранян. Т. 1.— , 2012
Zusammenfassung:Первая книга "Хрестоматии.." знакомит читателя с основными понятиями и элементами радиотехники и электроники, их взаимосвязью, основными электрическими процессами и явлениями, имеющими место в электронных цепях. Читатели познакомятся с технологическими приемами, которые необходимы при работе с радиоэлементами и конструировании всевозможных электронных устройств пайкой, обработкой различных материалов, изготовлением печатных плат, различных видов монтажа радиоэлементов и материалов, изготовлением и оформлением конструкций приборов. Книга предназначена для радиолюбителей, инженеров и студентов по специальности электротехника, радиотехника и связь.
Sprache:Russisch
Veröffentlicht: 2012
Schlagworte:
Format: Buch
KOHA link:https://koha.lib.tpu.ru/cgi-bin/koha/opac-detail.pl?biblionumber=201926

MARC

LEADER 00000nam2a2200000 4500
001 201926
005 20231101225048.0
010 |a 9785930371826 
035 |a (RuTPU)RU\TPU\book\220074 
090 |a 201926 
100 |a 20111004d2012 km y0rusy50 ca 
101 0 |a rus 
102 |a RU 
105 |a a z 001zy 
200 0 |a Т. 1 
210 |d 2012 
215 |a 589 с.  |c ил. 
320 |a Библиогр.: с. 589. 
330 |a Первая книга "Хрестоматии.." знакомит читателя с основными понятиями и элементами радиотехники и электроники, их взаимосвязью, основными электрическими процессами и явлениями, имеющими место в электронных цепях. Читатели познакомятся с технологическими приемами, которые необходимы при работе с радиоэлементами и конструировании всевозможных электронных устройств пайкой, обработкой различных материалов, изготовлением печатных плат, различных видов монтажа радиоэлементов и материалов, изготовлением и оформлением конструкций приборов. Книга предназначена для радиолюбителей, инженеров и студентов по специальности электротехника, радиотехника и связь. 
461 1 |0 (RuTPU)RU\TPU\book\72470  |t Хрестоматия радиолюбителя  |f Р. Э. Тигранян  |v Т. 1  |d 2012 
606 1 |a Радиолюбительство  |2 stltpush  |3 (RuTPU)RU\TPU\subj\22850  |9 47536 
610 1 |a радиодетали 
610 1 |a техническое черчение 
610 1 |a материаловедение 
610 1 |a слесарно-механические работы 
610 1 |a пайка 
610 1 |a радиомонтаж 
610 1 |a металлы 
610 1 |a декоративная обработка 
610 1 |a занимательные эксперименты 
610 1 |a электроизмерительные приборы 
610 1 |a магнитоэлектрические системы 
610 1 |a провода 
610 1 |a кабели 
610 1 |a питание 
610 1 |a нелинейные цепи 
610 1 |a нелинейные элементы 
610 1 |a биполярные транзисторы 
610 1 |a стабилизаторы напряжения 
610 1 |a фотоприемники 
610 1 |a тиристоры 
610 1 |a полевые транзисторы 
610 1 |a оптроны 
610 1 |a источники 
675 |a 621.396  |v 3 
801 1 |a RU  |b 63413507  |c 20111004 
801 2 |a RU  |b 63413507  |c 20160910  |g RCR 
942 |c BK 
959 |a 87/20111004  |d 2  |e 420,00  |f ЧЗТЛ:1  |f АНЛ:1